History Quiz

Random History or Biography Quiz

20th Century American Politicians (A-Z) Quiz Stats

 Plays Quiz Updated Apr 20, 2015

Challenge
Share
Tweet
Embed
Score 0/25 Timer 08:00
5 Plays Today
Letter Politician % Correct
NRichard Nixon
87.4%
EDwight D. Eisenhower
85.3%
AMadeleine Albright
84.4%
QDan Quayle
77.7%
RTheodore Roosevelt
73.9%
MGeorge Marshall
68.8%
PRoss Perot
68.7%
GNewt Gingrich
68.3%
FGeraldine Ferraro
65.9%
HHubert Humphrey
63.7%
KHenry Kissinger
60.1%
TStrom Thurmond
54.7%
SAdlai Stevenson II
50.6%
Letter Politician % Correct
WEarl Warren
50.6%
BRobert Byrd
48.5%
LHuey Long
47%
OTip O'Neill
44.2%
IDaniel Inouye
41.3%
DEugene Debs
38.8%
JHiram Johnson
36.1%
YColeman Young
34.2%
CJohn Connally
31.8%
VCyrus Vance
25.9%
ZElmo Zumwalt
12.5%
UCecil H. Underwood
8.8%

You're not logged in!

Compare scores with friends on all Sporcle quizzes.
Join for Free
OR
Log In

You Might Also Like...

Show Comments

Extras

Top Quizzes Today


Score Distribution

Your Account Isn't Verified!

In order to create a playlist on Sporcle, you need to verify the email address you used during registration. Go to your Sporcle Settings to finish the process.

Report this User

Report this user for behavior that violates our Community Guidelines.

Details: